20 rappeurs US #2 - Statistiques

Statistiques générales
  • Ce quiz a été pris 93 fois
  • Le résultat moyen est 7 sur 20
Statistiques - réponses
Par images Réponse % Correct
Cardi B
94%
Nicki Minaj
94%
Lil Wayne
87%
Doja Cat
74%
Tyga
57%
Nas
55%
Eazy-E
51%
Ludacris
49%
DMX
42%
Busta Rhymes
26%
Xzibit
22%
Missy Elliott
16%
Method Man
13%
Queen Latifah
8%
Chingy
3%
Juelz Santana
3%
MC Lyte
1%
Twista
1%
Big Syke
0%
Yo-Yo
0%
Aucun quiz correspondant
Distribution des résultats
% des personnes avec chaque résultat
Percentile par nombre de réponses
Votre historique - résultats
Vous n’avez pas pris ce quiz